Les 20 villes les plus peuplées du Var (83) - Statistiques

Statistiques générales
  • Ce quiz a été pris 114 fois
  • Le résultat moyen est 10 sur 20
Statistiques - réponses
HINT HINT ANSWER % Correct
180 834 T Toulon
99%
55 384 H Hyères
88%
58 499 F Fréjus
87%
40 789 D Draguignan
84%
62 905 L La Seyne-sur-Mer
77%
36 632 S Saint-Raphaël
73%
14 394 S Sainte-Maxime
61%
17 846 B Brignoles
58%
26 316 L La Garde
53%
36 843 S Six-Fours-les-Plages
44%
14 320 O Ollioules
43%
17 938 S Sanary-sur-Mer
43%
23 660 L La Valette-du-Var
39%
19 416 L La Crau
26%
12 076 C Cogolin
24%
15 006 R Roquebrune-sur-Argens
24%
12 712 V Vidauban
24%
12 841 C Cuers
22%
17 691 S Saint-Maximin-la-Sainte-Baume
22%
12 210 S Solliès-Pont
20%
Aucun quiz correspondant
Distribution des résultats
% des personnes avec chaque résultat
Percentile par nombre de réponses
Votre historique - résultats
Vous n’avez pas pris ce quiz